| 000 | 00481nam a22001577a 4500 | ||
|---|---|---|---|
| 003 | SISC | ||
| 005 | 20160302134756.0 | ||
| 008 | 140224t xxu||||| |||| 00| 0 eng d | ||
| 050 |
_aPZ 7 _b.M835 2002 |
||
| 245 | _aMore great ghost stories / | ||
| 260 |
_aLondon : _bOdhams, _c2002. |
||
| 300 |
_a496 p. : _c23 cm. |
||
| 501 | _a-The brown lady of Raynham -Ghosts of Ancient Egypt -Horror at Berkeley Square -The Haunted House at Hydesville | ||
| 942 |
_2lcc _cBK |
||
| 999 |
_c42336 _d42336 |
||